First Cities in History to Reach 1,000,000 People since 1775 - Statistics

General Stats
  • This quiz has been taken 2,383 times
  • The average score is 46 of 55
Answer Stats
Year Country City % Correct
1804 United Kingdom London
100%
1877 Germany Berlin
99%
1873 United States New York City
99%
1844 France Paris
99%
1884 Japan Tokyo
99%
1874 Austria Vienna
99%
1775 China Beijing
98%
1925 Egypt Cairo
97%
1896 Russia Moscow
97%
1916 Brazil Rio de Janeiro
96%
1892 Russia Saint Petersburg
96%
1925 Australia Sydney
96%
1906 Argentina Buenos Aires
95%
1927 United States Los Angeles
95%
1933 Spain Madrid
95%
1930 Mexico Mexico City
95%
1931 Italy Rome
95%
1940 South Korea Seoul
95%
1925 Poland Warsaw
95%
1930 Spain Barcelona
94%
1931 Hungary Budapest
94%
1932 Italy Milan
94%
1913 India Mumbai
94%
1939 Czech Republic Prague
94%
1914 China Shanghai
94%
1889 United States Chicago
93%
1947 Indonesia Jakarta
92%
1950 Philippines Manila
92%
1942 Romania Bucharest
91%
1932 Brazil São Paulo
91%
1904 Japan Osaka
90%
1942 Chile Santiago
90%
1912 Germany Hamburg
89%
1934 Australia Melbourne
89%
1949 Egypt Alexandria
88%
1949 Italy Naples
88%
1949 Vietnam Ho Chi Minh City
87%
1931 United Kingdom Birmingham
86%
1888 United States Philadelphia
86%
1950 Canada Montreal
84%
1879 China Guangzhou
81%
1910 India Kolkata
81%
1920 United Kingdom Glasgow
79%
1935 Japan Kyoto
78%
1921 United States Detroit
73%
1927 China Wuhan
70%
1945 India Chennai
61%
1933 Japan Nagoya
61%
1937 China Nanjing
60%
1949 India Hyderabad
55%
1928 China Tianjin
54%
1948 China Chongqing
53%
1941 Japan Yokohama
44%
1950 Singapore Singapore
33%
1939 China Shenyang
25%
No matching quizzes found
Score Distribution
Percent of People with Each Score
Percentile by Number Answered
Your Score History
You have not taken this quiz